Queen : Albums Studio - Statistiques

Statistiques générales
  • Ce quiz a été pris 238 fois
  • Le résultat moyen est 12 sur 15
Statistiques - réponses
Année Album % Correct
1973 Queen I
98%
1974 Queen II
92%
1975 A Night at the Opera
91%
1991 Innuendo
85%
1978 Jazz
82%
1986 A Kind of Magic
81%
1977 News of the World
77%
1984 The Works
76%
1995 Made in Heaven
75%
1989 The Miracle
75%
1976 A Day at the Races
73%
1980 The Game
73%
1974 Sheer Heart Attack
72%
1982 Hot Space
71%
1980 Flash Gordon
62%
Aucun quiz correspondant
Distribution des résultats
% des personnes avec chaque résultat
Percentile par nombre de réponses
Votre historique - résultats
Vous n’avez pas pris ce quiz